000 00274nam a2200097Ia 4500
008 240331s9999 xx 000 0 und d
082 _bSTU
100 _aSri Lanka Federation of University Women. ed
245 4 _aThe study of unemployment among women arts graduates
942 _cL
999 _c2716
_d2716